Les meilleurs joueurs par club de ligue 1 (2025-2026) - Statistiques

Statistiques générales
  • Ce quiz a été pris 96 fois
  • Le résultat moyen est 6 sur 18
Statistiques - réponses
Hint Réponse % Correct
OM Greenwood
83%
OL Tolisso
65%
Lens Thauvin
55%
PSG Mendes
51%
Rennes Lepaul
46%
Monaco Akliouche
39%
Strasbourg Panichelli
39%
Brest Del Castillo
35%
Nice Diop
34%
Lille Benjamin André
30%
Metz Hein
30%
Nantes Lopes
28%
Angers Abdelli
27%
Paris FC Kebal
27%
Auxerre Sinayoko
23%
Toulouse Gboho
21%
Le Havre Gautier Lloris
10%
Lorient Tosin
3%
Aucun quiz correspondant
Distribution des résultats
% des personnes avec chaque résultat
Percentile par nombre de réponses
Votre historique - résultats
Vous n’avez pas pris ce quiz